skbl

Dr Suryya Kumar Bhuyan Library Web-OPAC
ডঃ সূৰ্য্য
কুমাৰ ভূঞা পুথিভঁৰাল ৱেব-অ'পেক

All Research Scholars are advised to clear the annual library fees to continue using Library Resources, Remote Access, Plagiarism Test and Library Clearance.

Cotton University Book Fair 2026

Advanced History of Ancient India Vol 2 / (Record no. 8343)

MARC details
000 -LEADER
fixed length control field 00867nam a2200337Ia 4500
001 - CONTROL NUMBER
control field 8356
005 - DATE AND TIME OF LATEST TRANSACTION
control field 20240113234106.0
007 - PHYSICAL DESCRIPTION FIXED FIELD--GENERAL INFORMATION
fixed length control field ta
008 - FIXED-LENGTH DATA ELEMENTS--GENERAL INFORMATION
fixed length control field 050718s1995 a g b000 u 903 u
020 ## - INTERNATIONAL STANDARD BOOK NUMBER
International Standard Book Number 81 7041 998-0
040 ## - CATALOGING SOURCE
Original cataloging agency Cotton College Assam
041 ## - LANGUAGE CODE
Language code of text/sound track or separate title 903
082 ## - DEWEY DECIMAL CLASSIFICATION NUMBER
Classification number 934
Item number Ba 17 Ad
100 ## - MAIN ENTRY--PERSONAL NAME
Personal name Bakshi, S R .
245 #0 - TITLE STATEMENT
Title Advanced History of Ancient India Vol 2 /
Statement of responsibility, etc. S R Bakshi.
Medium Textual Documents
250 ## - EDITION STATEMENT
Edition statement 1st ed /
260 ## - PUBLICATION, DISTRIBUTION, ETC.
Place of publication, distribution, etc. New Delhi :
Name of publisher, distributor, etc. Anmol Publication Pvt Ltd ,
Date of publication, distribution, etc. 1995.
300 ## - PHYSICAL DESCRIPTION
Extent 264p. :
Other physical details ill. ;
Dimensions 22cm. .
362 ## - DATES OF PUBLICATION AND/OR SEQUENTIAL DESIGNATION
Dates of publication and/or sequential designation Vol.I-
653 ## - INDEX TERM--UNCONTROLLED
Uncontrolled term History-India
653 ## - INDEX TERM--UNCONTROLLED
Uncontrolled term Indian History
653 ## - INDEX TERM--UNCONTROLLED
Uncontrolled term Ancient History
653 ## - INDEX TERM--UNCONTROLLED
Uncontrolled term G-History
653 ## - INDEX TERM--UNCONTROLLED
Uncontrolled term PG-History
653 ## - INDEX TERM--UNCONTROLLED
Uncontrolled term T/G-English
942 ## - ADDED ENTRY ELEMENTS (KOHA)
Source of classification or shelving scheme Dewey Decimal Classification
Koha item type Books
Holdings
Withdrawn status Lost status Damaged status Not for loan Collection Home library Current library Date acquired Coded location qualifier Total checkouts Full call number Barcode Date last seen Copy number Price effective from Koha item type
          Dr. Suryya Kumar Bhuyan Library Dr. Suryya Kumar Bhuyan Library 01/02/2012 00000   934 Ba 17 Ad 118/His 13/01/2024 3 01/02/2012 Books
          Dr. Suryya Kumar Bhuyan Library Dr. Suryya Kumar Bhuyan Library 01/02/2012 00000   934 Ba 17 Ad 117/Hist 13/01/2024 1 01/02/2012 Books
          Dr. Suryya Kumar Bhuyan Library Dr. Suryya Kumar Bhuyan Library 01/02/2012 00000   934 Ba 17 Ad 118 /Hist 13/01/2024 2 01/02/2012 Books

Designed and Maintained by Team SKBL
©1901-2026

Powered by Koha